000 00687nam a2200265Ia 4500
001 4998
005 20240113233811.0
007 ta
008 050616s1987 a g b000 u eng u
020 _cPB
040 _aCotton College,Assam
041 _aeng
082 _a597.954
_bSe 41 Sp
100 _aSehgal, K.L. .
245 0 _aSport Fisheries of India /
_cK.L. Sehgal.
_hTextual Documents
250 _a1st ed. /
260 _aNew Delhi :
_bPublication & Inf. Div ,
_c1987.
300 _avii, 125p. :
_bill. ;
_c22cm .
653 _aZoology
653 _aFish culture-India
653 _aPG-Zoology
942 _2ddc
_cBK
999 _c4985
_d4985